书目信息 |
| 题名: |
拳击
|
|
| 作者: | 扎卡 编著 | |
| 分册: | ||
| 出版信息: | 北京 人民体育出版社 2008 |
|
| 页数: | 221页 | |
| 开本: | 20cm | |
| 丛书名: | ||
| 单 册: | ||
| 中图分类: | G886.119 | |
| 科图分类: | ||
| 主题词: | 拳击--运动技术--图解 , 拳击 , 运动技术 | |
| 电子资源: | ||
| ISBN: | 978-7-5009-3395-3 | |
| 000 | 00818nam0 2200253 45 | |
| 001 | 1130727124 | |
| 005 | 20110310095722.82 | |
| 010 | @a978-7-5009-3395-3@dCNY16.00 | |
| 100 | @a20110122d2008 ekmy0chiy0120 ea | |
| 101 | 0 | @achi |
| 102 | @aCN@b110000 | |
| 105 | @aa z 000yy | |
| 106 | @ar | |
| 200 | 1 | @a拳击@AQuan Ji@f扎卡编著@FZha Ka Bian Zhu |
| 210 | @a北京@c人民体育出版社@d2008 | |
| 215 | @a221页@c图@d20cm | |
| 330 | @a本书介绍了职业、业余的拳击装备和多种时尚、实用的姿势,包括适合各种身体类型的拳击姿势、灵活多变的步法、十余种犀利的拳法、牢固扎实且变换自如的防守、复杂而有节奏的组合拳等。 | |
| 606 | 0 | @a拳击@x运动技术@j图解 |
| 606 | 0 | @a拳击 |
| 606 | 0 | @a运动技术 |
| 690 | @aG886.119@v4 | |
| 701 | 0 | @a扎卡@AZha Ka@4编著 |
| 801 | 0 | @aCN@bTANGWEI@c20110310 |
| 905 | @b0531772-75@dG886.119@e82@f4 | |
| 拳击/扎卡编著.-北京:人民体育出版社,2008 |
| 221页:图;20cm |
| ISBN 978-7-5009-3395-3:CNY16.00 |
| 本书介绍了职业、业余的拳击装备和多种时尚、实用的姿势,包括适合各种身体类型的拳击姿势、灵活多变的步法、十余种犀利的拳法、牢固扎实且变换自如的防守、复杂而有节奏的组合拳等。 |
| ● |
| 相关链接 |
|
|
|
|
正题名:拳击
索取号:G886.119/82
 
预约/预借
| 序号 | 登录号 | 条形码 | 馆藏地/架位号 | 状态 | 备注 |
| 1 | 0531772 | 205317726 | 第一样本阅览室/ [索取号:G886.119/82] | 在馆 | |
| 2 | 0531773 | 205317735 | 密集书库-体育系/ [索取号:G886.119/82] | 在馆 | |
| 3 | 0531774 | 205317744 | 第四借阅区/ [索取号:G886.119/82] | 在馆 | |
| 4 | 0531775 | 205317753 | 第四借阅区/ [索取号:G886.119/82] | 在馆 |